000 00395nam a2200157Ia 4500
008 230711s9999||||xx |||||||||||||| ||und||
041 _aENG
082 _a624
_bKA-S
100 _aKanetkar,T P
245 0 _aSurveying and levelling
250 _a1st . Ed.
260 _c1992
_aMaharashtra
_bPune Vidyarthi Griha Prakashan
650 _aCivil Engineering
700 _aKulkarni,S V
942 _cBK
999 _c2262
_d2262